Datum a čas kvízu

39.5 Celkem bodů Celkový počet nahraných bodů na tomto kvízu bez doplňovacích otázek.
1. Pořadí na kvízu Konečné umístění týmu na tomto kvízu.

Zaznamenané odpovědi

# Otázka Odpověď Body Výsledky
1. Předseda poslanecké sněmovny T... o klik 1
2. Minulou středu odstartovala z... A 1
3. Která zpěvačka o víkendu prozr... Lucie Bílá 1
4. Jeden evropský výrobce nákladn... Mercedes(-Benz) 1
5. „Všichni už jsou v Mexiku, Bue... 3:1 1
6. Vítězné téma facebookového hla... 1C 2B 3D 4A 1
7. Ve Formuli 1 můžeme občas zazn... A 1
8. Velká cena Monaka 1996 drží je... 3 piloti (uznáváme 2 až 4) 0
9. Tato stáj působila ve Formuli... Benetton 1
10. Ve kterém státě se nachází záv... v Japonsku 0